R. Gupta's popular master guide to objective psychology (Record no. 3316)

MARC details
000 -LEADER
fixed length control field 00811 a2200205 4500
010 ## - LIBRARY OF CONGRESS CONTROL NUMBER
LC control number ENG-85707
020 ## - INTERNATIONAL STANDARD BOOK NUMBER
Terms of availability 245.00
International Standard Book Number 8178123646
035 ## - SYSTEM CONTROL NUMBER
System control number EN-69240
037 ## - SOURCE OF ACQUISITION
Source of stock number/acquisition D.B.Act / Pub
082 14 - DEWEY DECIMAL CLASSIFICATION NUMBER
Classification number 150
090 ## - LOCALLY ASSIGNED LC-TYPE CALL NUMBER (OCLC); LOCAL CALL NUMBER (OCLC)
-- 3383
-- 3383
100 ## - MAIN ENTRY--PERSONAL NAME
Personal name Sanjay Kumar
245 1# - TITLE STATEMENT
Title R. Gupta's popular master guide to objective psychology
Statement of responsibility, etc by Sanjay Kumar
Remainder of title a collection of highly useful questions for competitive exams
260 ## - PUBLICATION, DISTRIBUTION, ETC. (IMPRINT)
Place of publication, distribution, etc New Delhi
Name of publisher, distributor, etc Ramesh Publishing House
Date of publication, distribution, etc 2008
270 ## - ADDRESS
Address 12-H, New Darya Ganj Road, Opp. Traffic Kotwali
City New Delhi
State or province Delhi :
Postal code 110002
Telephone number 23261647
Fax number 23275124
Electronic mail address info@rameshpublishinghouse.com
300 ## - PHYSICAL DESCRIPTION
Extent 182 p.
Dimensions 24 cm (pbk)
650 ## - SUBJECT ADDED ENTRY--TOPICAL TERM
Topical term or geographic name as entry element Psychology
General subdivision objective
942 ## - ADDED ENTRY ELEMENTS (KOHA)
Institution code [OBSOLETE] dpl
Koha item type English Books
Call number prefix 150 / SAN
Holdings
Withdrawn status Lost status Source of classification or shelving scheme Damaged status Not for loan Collection code Home library Current library Source of acquisition Cost, normal purchase price Total Checkouts Full call number Barcode Date last seen Copy number Uniform Resource Identifier Cost, replacement price Price effective from Koha item type
    Dewey Decimal Classification   Not For Loan Non-fiction D.B.Act.Division D.B.Act.Division DBAD/PUB 245.00   150 SAN EN-69240 15/09/2008 1 3531 245.00 15/09/2008 English Books

© Delhi Public Library
Hit Counter
free hit counter